000 00447nam a2200145Ia 4500
003 OSt
005 20260123145535.0
008 211028s2016 xx 000 0 und d
040 _cAIMIT LIBRARY
041 _aeng
100 _aAli, Shivanand; Harinakshi.
_g1416133
_97552
245 _aStudy on effectiveness of sales promotion activities at first step baby wear pvt ltd Bangalore /
260 _aMangalore
_bHarinakshi.
_c2016
942 _2ddc
_cPRO
999 _c219120
_d219120